000 00279nam a22001337a 4500
003 SGT
082 _a612.015
_bM17K
100 _aKUMAR, SANDEEP
245 _aMEASUREMENT OF OXIDATIVE STRESS
260 _aSGTU
_c2017
300 _a50
650 _aBIOCHEMISTRY
942 _2ddc
_cTH
999 _c20706
_d20706